000 00342nam a2200133Ia 4500
003 GCL
008 140319s9999 xx 000 0 ara d
040 _aGCL /
_cGCL
082 0 4 _a343.094ح ج
245 1 0 _aجرائم المرور
260 _a[S.N] :
_bمنشاة المعارف الاسلامية ،
_c1986
300 _a148 ص
490 _a
999 _c54959
_d54959